000
00266nam a22001097a 4500
082
_a
823
_b
ORI/M
100
_a
ORIENT LONGMAN
245
_a
THE MAN WHO WAS AFRAID OF BOATS
260
_a
HYDERABAD
_b
ORIENT LONGMAN
_c
1992
650
_a
PASSAGE LEAFLETS
_z
INDIA
942
_c
BK
999
_c
4475
_d
4475